000 00309nam a22001337a 4500
008 170907b xxu||||| |||| 00| 0 eng d
020 _a9780155011984
041 _aeng
080 _a91
100 _a42
101 _aGJEO
245 _aTHE MAINSTREAM OF CIVILIZATION TO 1500
_cCHODOROW, S
942 _2udc
_cBK
999 _c26670
_d26670